000 01233nam0a22002771 4500
001 rc\4669654
005 20260406194629.0
021 _aRU
_b[66-2664]
035 _a(NLR Aleph) 008701650
090 _a9302532
_c9302532
100 _a20130416d1965 |||y0rusy50 ca
101 0 _arus
102 _aRU
105 _aa z |||||
200 1 _aКонструирование женских плащей из материала "болонья"
_e[Опыт работы Киевской швейной фабрики № 2]
_fГл. упр. бытового обслуживания населения при Совете Министров УССР. ЦБТИ
210 _aКиев
_cБ. и.
_d1965
215 _a47 с.
_cил.
_d20
300 _aАвт. указан на 28-й с.
606 _aПлащи из синтетических тканей
_xКонструирование
_2psbo
700 1 _aПитэнин
_bД.М.
_gДмитрий Михайлович
712 0 1 _aУССР
_bГлавное управление бытового обслуживания населения
_3RU\NLR\AUTH\889957776
_9411631
801 0 _aRU
_bNLR
_gpsbo
801 1 _aRU
_bELAR
_2rusmarc
852 _aNLR
_j66-4/1297
942 _cBOOK
980 _aNB